000 00466nam a2200181Ia 4500
001 9138
005 20260306160701.0
008 260306t1999||||xx |||||||||||||| ||spa||
041 _aESP
082 _a372.868
_bF42
100 _aFernández Rubí, Marisa
_eAUT
245 0 _aTaller de danzas y coreografías:
_beducación infantil y primaria
260 _c1999
300 _a220 páginas :
_c24 cm.
650 _aGEN
654 _aCED
942 _cLIB
_dJUS
_fJUS
_2ddc
_n
999 _c9138
_d9138